000 00633nam a22002057a 4500
999 _c10738
_d10738
003 AR-CdUCM
008 190401b ||||| |||| 00| 0 spa d
040 _aMUNICIPALIDAD PROVINCIAL DEL CUSCO
_cBIBLIOTECA MUNICIPAL DEL CUSCO
082 _aEP / 813 /
_bA54
245 _aCuentos de hadas de Anderssen /
260 _aBarcelona ;
_bEdit. Molino,
_c1958.
300 _a62 paginas ;
_bIlustraciones,
_c29 cm.
440 _aSerie 3
_927743
505 _aContenido :Cuento /
650 _aLiteratura educacional primaria
_927715
650 _aCuentos
_9217
700 _aAlfonso Nadal
_927744
942 _2ddc
_cLIBROS
945 _arjall